Normal view MARC view

Entry Personal Name

Number of records used in: 1

001 - CONTROL NUMBER

  • control field: 15137

003 - CONTROL NUMBER IDENTIFIER

  • control field: OSt

005 - DATE AND TIME OF LATEST TRANSACTION

  • control field: 20200103122912.0

008 - FIXED-LENGTH DATA ELEMENTS

  • fixed length control field: 200103|| aca||aabn | a|a d

040 ## - CATALOGING SOURCE

  • Original cataloging agency: OSt
  • Transcribing agency: OSt

100 ## - HEADING--PERSONAL NAME

  • Personal name: Indian Institute of Public Administrion

670 ## - SOURCE DATA FOUND

  • Source citation: Work cat.: (OSt): Role of digital technologies in governance: proceedings of the sixty - second annual conference of the members of IIPA, held on October 27, 2018 the ru, 2019

Powered by Koha